[Event "FRA T I 120102011"]
[Site "FRA"]
[Date "2010.11.13"]
[Round "2.4"]
[White "Desnos, Nicolas"]
[Black "Pascal Mousselard, Philippe"]
[Result "1-0"]
[WhiteElo "2036"]
[BlackElo "1920"]
[PlyCount "59"]
[EventDate "2010.10.17"]
[EventType "team-match"]
[EventRounds "9"]
[EventCountry "FRA"]
[Source "FFE"]
[SourceDate "2010.10.29"]
[WhiteTeamCountry "FRA"]
[BlackTeamCountry "FRA"]

1. c4 b6 2. Nc3 Bb7 3. Nf3 e6 4. d4 f5 5. d5 Na6 6. e4 fxe4 7. Nxe4 Bb4+ 8. Bd2
exd5 9. cxd5 Qe7 10. Qe2 O-O-O 11. O-O-O Re8 12. Ng3 Nf6 13. Qxe7 Bxe7 14. Nf5
Ng4 15. Nxe7+ Rxe7 16. Bg5 Rf7 17. Bh4 Nc5 18. h3 Nf6 19. Bc4 Re7 20. Rhe1 Rhe8
21. Rxe7 Rxe7 22. b4 Re4 23. Rd4 Rxd4 24. Nxd4 Nce4 25. Bxf6 gxf6 26. f3 Nd6
27. Bb3 Ba6 28. g3 Nc4 29. b5 Bxb5 30. Nxb5 1-0

[Event "FRA T I 120102011"]
[Site "FRA"]
[Date "2010.11.14"]
[Round "3.6"]
[White "Tarradellas, Serge"]
[Black "Mkrtchyan, Armen"]
[Result "0-1"]
[WhiteElo "1931"]
[BlackElo "1739"]
[PlyCount "60"]
[EventDate "2010.10.17"]
[EventType "team-match"]
[EventRounds "9"]
[EventCountry "FRA"]
[Source "FFE"]
[SourceDate "2010.10.29"]
[WhiteTeamCountry "FRA"]
[BlackTeamCountry "FRA"]

1. d4 Nf6 2. Nc3 d5 3. Bg5 Bf5 4. Bxf6 exf6 5. e3 c6 6. Bd3 Bxd3 7. Qxd3 Bb4 8.
Nge2 O-O 9. O-O-O Re8 10. h4 Na6 11. g4 Qd7 12. g5 f5 13. h5 g6 14. hxg6 fxg6
15. Rh4 Re7 16. Rdh1 Rae8 17. Nf4 Nc7 18. Nce2 Bd6 19. Qd1 Bxf4 20. Nxf4 Ne6
21. Nxg6 hxg6 22. Rh8+ Kf7 23. R1h7+ Ng7 24. Qh1 Rxh8 25. Rxh8 Nh5 26. Qh2 f4
27. b3 Kg7 28. Ra8 a6 29. exf4 Qf5 30. Kb2 Re2 0-1

[Event "FRA T I 120102011"]
[Site "FRA"]
[Date "2010.11.13"]
[Round "2.7"]
[White "Wohlers Armas, Friederike"]
[Black "Bismuth, Lea"]
[Result "1/2-1/2"]
[WhiteElo "2006"]
[BlackElo "1940"]
[PlyCount "59"]
[EventDate "2010.10.17"]
[EventType "team-match"]
[EventRounds "9"]
[EventCountry "FRA"]
[Source "FFE"]
[SourceDate "2010.10.29"]
[WhiteTeamCountry "FRA"]
[BlackTeamCountry "FRA"]

1. d4 Nf6 2. c4 g6 3. Nc3 Bg7 4. e4 d6 5. f3 O-O 6. Be3 Na6 7. Qd2 e5 8. d5 b6
9. Nge2 Nc5 10. b4 Ncd7 11. a3 a5 12. Rb1 Ne8 13. Nc1 f5 14. exf5 gxf5 15. Be2
Qf6 16. O-O e4 17. Nb5 f4 18. Bd4 e3 19. Qb2 Ne5 20. Kh1 Bf5 21. Nd3 Qg5 22.
Rbd1 Nxc4 23. Qc3 Nd2 24. Rxd2 exd2 25. Qxd2 Bxd4 26. Nxd4 Bxd3 27. Bxd3 Ng7
28. Qc2 axb4 29. axb4 Kh8 30. Be4 1/2-1/2

[Event "FRA T I 120102011"]
[Site "FRA"]
[Date "2010.10.17"]
[Round "1.5"]
[White "Desnos, Nicolas"]
[Black "Heran, Raphael"]
[Result "0-1"]
[WhiteElo "2040"]
[BlackElo "2228"]
[PlyCount "58"]
[EventDate "2010.10.17"]
[EventType "team-match"]
[EventRounds "9"]
[EventCountry "FRA"]
[Source "FFE"]
[SourceDate "2010.10.29"]
[WhiteTeamCountry "FRA"]
[BlackTeamCountry "FRA"]

1. c4 e5 2. Nc3 Nf6 3. g3 c6 4. Bg2 d5 5. cxd5 cxd5 6. d3 Be6 7. Nf3 Nc6 8. O-O
Be7 9. Bd2 d4 10. Nb1 Nd5 11. e4 dxe3 12. fxe3 Qb6 13. Qc1 O-O 14. d4 exd4 15.
Nxd4 Nxd4 16. exd4 Qxd4+ 17. Kh1 Rfd8 18. Bc3 Qb6 19. Be4 Ne3 20. Re1 Ng4 21.
Rf1 Nf2+ 22. Rxf2 Qxf2 23. Bxb7 Bg4 24. Nd2 Rab8 25. Bg2 f5 26. Qf1 Rxd2 27.
Bxd2 Qxd2 28. Qc4+ Kh8 29. Bd5 Rd8 0-1

[Event "FRA T I 120102011"]
[Site "FRA"]
[Date "2010.11.14"]
[Round "3.2"]
[White "Giuriati, Paolo"]
[Black "Buscara, Sevan"]
[Result "1-0"]
[WhiteElo "2197"]
[BlackElo "2234"]
[PlyCount "57"]
[EventDate "2010.10.17"]
[EventType "team-match"]
[EventRounds "9"]
[EventCountry "FRA"]
[Source "FFE"]
[SourceDate "2010.10.29"]
[WhiteTeamCountry "FRA"]
[BlackTeamCountry "FRA"]

1. d4 Nf6 2. Nf3 d5 3. c4 c6 4. Nc3 a6 5. a4 e6 6. e3 a5 7. Be2 Na6 8. O-O Be7
9. b3 O-O 10. Bb2 b6 11. Rc1 Nb4 12. Ne5 Bb7 13. Bf3 Bd6 14. e4 Qb8 15. exd5
exd5 16. cxd5 Nbxd5 17. Ne4 Nxe4 18. Bxe4 c5 19. Qf3 cxd4 20. Qh3 Nf6 21. Nd7
Bxh2+ 22. Kh1 Nxe4 23. Nxb8 Bxb8 24. Qd7 Ba6 25. Qxd4 Nf6 26. Rfe1 Ra7 27. Qh4
Rd7 28. Bxf6 gxf6 29. Qg4+ 1-0

[Event "FRA T I 120102011"]
[Site "FRA"]
[Date "2010.10.17"]
[Round "1.5"]
[White "Cazes, Mathieu"]
[Black "Pouplin, Johan"]
[Result "0-1"]
[WhiteElo "1994"]
[BlackElo "1827"]
[PlyCount "56"]
[EventDate "2010.10.17"]
[EventType "team-match"]
[EventRounds "9"]
[EventCountry "FRA"]
[Source "FFE"]
[SourceDate "2010.10.29"]
[WhiteTeamCountry "FRA"]
[BlackTeamCountry "FRA"]

1. e4 c5 2. Nf3 d6 3. d4 cxd4 4. Nxd4 Nf6 5. Nc3 a6 6. Be3 b5 7. f3 Bb7 8. Qd2
e6 9. Be2 Nbd7 10. a3 Rc8 11. O-O Be7 12. b4 Qc7 13. Nd1 O-O 14. Bd3 Ne5 15.
Nb3 d5 16. exd5 Nxd5 17. Bc5 Nxd3 18. cxd3 Rfd8 19. Rc1 Bf6 20. Bf2 Qe7 21.
Rxc8 Rxc8 22. Nc5 a5 23. Nxb7 Qxb7 24. bxa5 Qa6 25. f4 Qd6 26. Qa2 Nxf4 27. Bg3
Qc5+ 28. Kh1 Nxd3 0-1

[Event "FRA T I 120102011"]
[Site "FRA"]
[Date "2010.11.13"]
[Round "2.2"]
[White "San Marco, Bruno"]
[Black "Miron, Lucian Costin"]
[Result "0-1"]
[WhiteElo "2217"]
[BlackElo "2496"]
[PlyCount "56"]
[EventDate "2010.10.17"]
[EventType "team-match"]
[EventRounds "9"]
[EventCountry "FRA"]
[Source "FFE"]
[SourceDate "2010.10.29"]
[WhiteTeamCountry "FRA"]
[BlackTeamCountry "FRA"]

1. d4 d5 2. c4 e6 3. Nc3 c6 4. Nf3 dxc4 5. a4 Bb4 6. e3 b5 7. Bd2 a5 8. axb5
Bxc3 9. Bxc3 cxb5 10. d5 Nf6 11. dxe6 Qxd1+ 12. Kxd1 Ne4 13. Be1 Nc6 14. Nd4
Nxd4 15. exd4 Bxe6 16. f3 Nd6 17. Rxa5 Kd7 18. Rxa8 Rxa8 19. g3 Ra1+ 20. Ke2
Ra2 21. d5 Rxb2+ 22. Ke3 Bxd5 23. Kd4 Bxf3 24. Bh3+ Ke7 25. Rf1 Rxh2 26. Bd7
Kxd7 27. Rxf3 Kc6 28. Ra3 Nf5+ 0-1

[Event "FRA T I 120102011"]
[Site "FRA"]
[Date "2010.10.17"]
[Round "1.4"]
[White "Hutin, Christophe"]
[Black "Bedue, Julien"]
[Result "0-1"]
[WhiteElo "2111"]
[BlackElo "2080"]
[PlyCount "54"]
[EventDate "2010.10.17"]
[EventType "team-match"]
[EventRounds "9"]
[EventCountry "FRA"]
[Source "FFE"]
[SourceDate "2010.10.29"]
[WhiteTeamCountry "FRA"]
[BlackTeamCountry "FRA"]

1. e4 e5 2. Nf3 d6 3. d4 exd4 4. Qxd4 Nf6 5. Bg5 Be7 6. Nc3 O-O 7. O-O-O Nc6 8.
Qd2 Be6 9. Nd4 Nxd4 10. Qxd4 c6 11. Bc4 Qa5 12. Bd2 Qb6 13. Qxb6 axb6 14. Bxe6
fxe6 15. f3 Nd7 16. Be3 b5 17. Kb1 Ra6 18. Ne2 Rfa8 19. Nc1 Ne5 20. b3 c5 21.
h3 b4 22. f4 Nc6 23. Rhf1 Na7 24. e5 Nb5 25. Bd2 d5 26. g4 c4 27. Rf3 c3 0-1

[Event "FRA T I 120102011"]
[Site "FRA"]
[Date "2010.11.14"]
[Round "3.7"]
[White "Bismuth, Lea"]
[Black "Ducret, Thomas"]
[Result "0-1"]
[WhiteElo "1940"]
[BlackElo "2158"]
[PlyCount "52"]
[EventDate "2010.10.17"]
[EventType "team-match"]
[EventRounds "9"]
[EventCountry "FRA"]
[Source "FFE"]
[SourceDate "2010.10.29"]
[WhiteTeamCountry "FRA"]
[BlackTeamCountry "FRA"]

1. e4 c5 2. Nc3 e6 3. f4 a6 4. Nf3 d5 5. e5 Nc6 6. d4 Nh6 7. Be3 Nf5 8. Bf2 Qb6
9. dxc5 Bxc5 10. Bxc5 Qxc5 11. Qd2 Ne3 12. Bd3 b5 13. Ke2 Nc4 14. Bxc4 Qxc4+
15. Kf2 Qc5+ 16. Kg3 f6 17. Rhe1 O-O 18. Rad1 Ra7 19. Re3 Raf7 20. Ne2 g5 21.
fxg5 fxe5 22. h4 e4 23. Nfd4 Qd6+ 24. Kh3 e5+ 25. Nf5 Rxf5 26. Rxe4 Rf4+ 0-1

[Event "FRA T I 120102011"]
[Site "FRA"]
[Date "2010.10.17"]
[Round "1.8"]
[White "Carbonnel, Francoise"]
[Black "Bismuth, Lea"]
[Result "0-1"]
[WhiteElo "1510"]
[BlackElo "1940"]
[PlyCount "52"]
[EventDate "2010.10.17"]
[EventType "team-match"]
[EventRounds "9"]
[EventCountry "FRA"]
[Source "FFE"]
[SourceDate "2010.10.29"]
[WhiteTeamCountry "FRA"]
[BlackTeamCountry "FRA"]

1. d4 Nf6 2. Nf3 g6 3. g3 Bg7 4. Bg2 O-O 5. O-O d6 6. c4 c6 7. Nc3 Qa5 8. Bd2
Qh5 9. Re1 Bh3 10. e4 Ng4 11. e5 Bxg2 12. Kxg2 dxe5 13. h3 Nxf2 14. Kxf2 exd4
15. Ne4 Qxh3 16. Rh1 Qf5 17. Neg5 h6 18. Nh3 e5 19. Kg2 Nd7 20. Qc1 g5 21. Bxg5
hxg5 22. Nhxg5 Nf6 23. Qd2 Ng4 24. Rh7 Ne3+ 25. Kf2 f6 26. Rxg7+ Kxg7 0-1

[Event "FRA T I 120102011"]
[Site "FRA"]
[Date "2010.11.14"]
[Round "3.6"]
[White "Delacroix, Olivier"]
[Black "Planchon, Corinne"]
[Result "1-0"]
[WhiteElo "2020"]
[BlackElo "1838"]
[PlyCount "51"]
[EventDate "2010.10.17"]
[EventType "team-match"]
[EventRounds "9"]
[EventCountry "FRA"]
[Source "FFE"]
[SourceDate "2010.10.29"]
[WhiteTeamCountry "FRA"]
[BlackTeamCountry "FRA"]

1. e4 e6 2. d4 d5 3. Nc3 Nc6 4. e5 f6 5. exf6 Nxf6 6. Nf3 Bd6 7. Nb5 O-O 8. Bg5
a6 9. Nxd6 Qxd6 10. c3 e5 11. Be2 Ng4 12. Bh4 e4 13. Ne5 Ngxe5 14. Bg3 Qe6 15.
dxe5 Nxe5 16. O-O c6 17. Qd4 Ng6 18. Rfd1 Nf4 19. Bf1 Qf6 20. Qb6 Bg4 21. Rd2
Rf7 22. c4 Rd8 23. Bxf4 Qxf4 24. Qxd8+ Rf8 25. Qa5 b6 26. Qc3 1-0

[Event "FRA T I 120102011"]
[Site "FRA"]
[Date "2010.11.13"]
[Round "2.6"]
[White "Louche, Herve"]
[Black "Tarradellas, Serge"]
[Result "0-1"]
[WhiteElo "1831"]
[BlackElo "1931"]
[PlyCount "52"]
[EventDate "2010.10.17"]
[EventType "team-match"]
[EventRounds "9"]
[EventCountry "FRA"]
[Source "FFE"]
[SourceDate "2010.10.29"]
[WhiteTeamCountry "FRA"]
[BlackTeamCountry "FRA"]

1. e4 e6 2. Nf3 d5 3. Nc3 Nf6 4. e5 Nfd7 5. d4 c5 6. dxc5 Bxc5 7. Bf4 Nc6 8.
Qd2 a6 9. O-O-O Qc7 10. Nxd5 exd5 11. e6 Nde5 12. exf7+ Kf8 13. Qxd5 Nd3+ 14.
Bxd3 Qxf4+ 15. Kb1 Be7 16. Bc4 Bg4 17. Rhe1 Qf6 18. h3 Bf5 19. a3 Bg6 20. Qd7
Bxf7 21. Bxf7 Kxf7 22. Rd6 Qf4 23. Rd5 Rhd8 24. Rxe7+ Nxe7 25. Qxb7 Rab8 26.
Ng5+ Qxg5 0-1

[Event "FRA T I 120102011"]
[Site "FRA"]
[Date "2010.11.13"]
[Round "2.8"]
[White "Malassagne, Raphael"]
[Black "Bastin, Stephane"]
[Result "1-0"]
[WhiteElo "1748"]
[BlackElo "1988"]
[PlyCount "51"]
[EventDate "2010.10.17"]
[EventType "team-match"]
[EventRounds "9"]
[EventCountry "FRA"]
[Source "FFE"]
[SourceDate "2010.10.29"]
[WhiteTeamCountry "FRA"]
[BlackTeamCountry "FRA"]

1. d4 e6 2. c4 d5 3. Nc3 Nf6 4. Bg5 c6 5. e3 Be7 6. cxd5 exd5 7. Qc2 Be6 8. Bd3
h6 9. Bh4 Nbd7 10. Nge2 Nb6 11. O-O O-O 12. Rad1 Re8 13. f3 g5 14. Bf2 Bd6 15.
e4 dxe4 16. fxe4 Ng4 17. h3 Nxf2 18. Rxf2 Bc4 19. e5 Bxd3 20. Qxd3 Be7 21. Rdf1
Rf8 22. e6 f6 23. Qg6+ Kh8 24. Qxh6+ Kg8 25. Ng3 Re8 26. Nh5 1-0

[Event "FRA T I 120102011"]
[Site "FRA"]
[Date "2010.11.13"]
[Round "2.5"]
[White "Martinet, Regis"]
[Black "Mania, Clement"]
[Result "0-1"]
[WhiteElo "2063"]
[BlackElo "2154"]
[PlyCount "52"]
[EventDate "2010.10.17"]
[EventType "team-match"]
[EventRounds "9"]
[EventCountry "FRA"]
[Source "FFE"]
[SourceDate "2010.10.29"]
[WhiteTeamCountry "FRA"]
[BlackTeamCountry "FRA"]

1. c4 f5 2. d4 Nf6 3. Nc3 d6 4. Bg5 Nbd7 5. Nf3 g6 6. Qd2 Bg7 7. Bh6 O-O 8.
Bxg7 Kxg7 9. e3 e5 10. dxe5 dxe5 11. Rd1 Qe7 12. Nd5 Nxd5 13. Qxd5 e4 14. Qd4+
Nf6 15. Nd2 Rd8 16. Qc3 a5 17. Be2 Qb4 18. Nb1 Rxd1+ 19. Bxd1 Be6 20. b3 Rd8
21. a3 Qc5 22. Be2 Kf7 23. O-O Ng4 24. b4 axb4 25. axb4 Qd6 26. c5 Qxh2# 0-1

[Event "FRA T I 120102011"]
[Site "FRA"]
[Date "2010.10.17"]
[Round "1.3"]
[White "Dijoux, Frederic"]
[Black "Llapasset, Jean Louis"]
[Result "1-0"]
[WhiteElo "2154"]
[BlackElo "2123"]
[PlyCount "49"]
[EventDate "2010.10.17"]
[EventType "team-match"]
[EventRounds "9"]
[EventCountry "FRA"]
[Source "FFE"]
[SourceDate "2010.10.29"]
[WhiteTeamCountry "FRA"]
[BlackTeamCountry "FRA"]

1. Nc3 d5 2. e4 e6 3. Nf3 Nf6 4. e5 Nfd7 5. d4 c5 6. dxc5 Bxc5 7. Bd3 Nc6 8.
Bf4 h6 9. h4 a6 10. Qd2 Qc7 11. Nxd5 exd5 12. e6 Nde5 13. exf7+ Kf8 14. Nxe5
Nxe5 15. O-O Bd6 16. Bxe5 Bxe5 17. Bg6 Qd6 18. Rfe1 Qxg6 19. Rxe5 Qxf7 20. Rae1
Kg8 21. Re7 Qg6 22. Qxd5+ Kh7 23. h5 Qf6 24. Rf7 Rd8 25. Qe4+ 1-0

[Event "FRA T I 120102011"]
[Site "FRA"]
[Date "2010.11.14"]
[Round "3.5"]
[White "Mora, Pascal"]
[Black "Mombiela Martinez, Gonzalo"]
[Result "0-1"]
[WhiteElo "2119"]
[BlackElo "2091"]
[PlyCount "50"]
[EventDate "2010.10.17"]
[EventType "team-match"]
[EventRounds "9"]
[EventCountry "FRA"]
[Source "FFE"]
[SourceDate "2010.10.29"]
[WhiteTeamCountry "FRA"]
[BlackTeamCountry "FRA"]

1. e4 d5 2. exd5 Nf6 3. d4 Nxd5 4. c4 Nb6 5. b3 g6 6. Bf4 Bg7 7. Ne2 Nc6 8. Na3
a6 9. Be3 O-O 10. d5 Ne5 11. Ng3 e6 12. dxe6 Bxe6 13. Qxd8 Raxd8 14. Rd1 Rxd1+
15. Kxd1 Ng4 16. Bc5 Rd8+ 17. Ke2 Nd7 18. Bb4 Re8 19. f3 Bxc4+ 20. Kd2 Bxf1 21.
Rxf1 Bh6+ 22. f4 Nxh2 23. Rf2 Ng4 24. Rf1 Ne3 25. Rf2 Nd5 0-1

[Event "FRA T I 120102011"]
[Site "FRA"]
[Date "2010.11.14"]
[Round "3.4"]
[White "Relea, Nicolas"]
[Black "Dussol, Pierre"]
[Result "0-1"]
[WhiteElo "2198"]
[BlackElo "2173"]
[PlyCount "50"]
[EventDate "2010.10.17"]
[EventType "team-match"]
[EventRounds "9"]
[EventCountry "FRA"]
[Source "FFE"]
[SourceDate "2010.10.29"]
[WhiteTeamCountry "FRA"]
[BlackTeamCountry "FRA"]

1. Nc3 d6 2. d4 Nf6 3. e4 e5 4. Nge2 Nbd7 5. Ng3 g6 6. Be3 Bg7 7. Be2 O-O 8.
Qd2 exd4 9. Bxd4 Ne5 10. f3 Be6 11. O-O-O Nc6 12. Be3 h5 13. Bg5 Qc8 14. Bh6
Bh8 15. Nf1 Re8 16. Ne3 a6 17. h3 b5 18. g4 b4 19. Ncd5 h4 20. Bg5 Bxd5 21.
Nxd5 Nxd5 22. exd5 Nd4 23. Be3 c5 24. Bxd4 Bxd4 25. Bd3 Be3 0-1

[Event "FRA T I 120102011"]
[Site "FRA"]
[Date "2010.11.14"]
[Round "3.1"]
[White "Bertrand, Frederic"]
[Black "Boyd, Stephen"]
[Result "1/2-1/2"]
[WhiteElo "2296"]
[BlackElo "2306"]
[PlyCount "47"]
[EventDate "2010.10.17"]
[EventType "team-match"]
[EventRounds "9"]
[EventCountry "FRA"]
[Source "FFE"]
[SourceDate "2010.10.29"]
[WhiteTeamCountry "FRA"]
[BlackTeamCountry "FRA"]

1. d4 Nf6 2. Nf3 g6 3. g3 Bg7 4. Bg2 O-O 5. O-O d6 6. b3 c5 7. c3 Ne4 8. Nfd2
Nxd2 9. Qxd2 cxd4 10. cxd4 Nc6 11. Bb2 d5 12. Nc3 e6 13. e3 b6 14. Rfc1 Bb7 15.
Ba3 Re8 16. Nb5 Bf8 17. Bxf8 Rxf8 18. Rc3 Qe7 19. Qb2 Rfc8 20. Rac1 a6 21. Na3
Nb4 22. Rxc8+ Rxc8 23. Rxc8+ Bxc8 24. Nc2 1/2-1/2

[Event "FRA T I 120102011"]
[Site "FRA"]
[Date "2010.10.17"]
[Round "1.6"]
[White "Guennoun, Anthony"]
[Black "Guerin, Gilles"]
[Result "1-0"]
[WhiteElo "2090"]
[BlackElo "2214"]
[PlyCount "47"]
[EventDate "2010.10.17"]
[EventType "team-match"]
[EventRounds "9"]
[EventCountry "FRA"]
[Source "FFE"]
[SourceDate "2010.10.29"]
[WhiteTeamCountry "FRA"]
[BlackTeamCountry "FRA"]

1. e4 d6 2. d4 Nf6 3. Nc3 g6 4. Be3 Bg7 5. Nf3 c6 6. Bd3 Nbd7 7. Qd2 Ng4 8. Bg5
f6 9. Bh4 e5 10. h3 exd4 11. Nxd4 Bh6 12. f4 Nge5 13. Ne6 Qa5 14. b4 Qxb4 15.
Nc7+ Kd8 16. Nxa8 Bxf4 17. Qxf4 Qxc3+ 18. Ke2 g5 19. Bxg5 Ng6 20. Qd2 Qe5 21.
Be3 d5 22. exd5 Nf4+ 23. Kf2 Nxd5 24. Rhe1 1-0

[Event "FRA T I 120102011"]
[Site "FRA"]
[Date "2010.11.13"]
[Round "2.5"]
[White "Pietrobon, Fabio"]
[Black "Rodriguez, Angel"]
[Result "1-0"]
[WhiteElo "2131"]
[BlackElo "2071"]
[PlyCount "47"]
[EventDate "2010.10.17"]
[EventType "team-match"]
[EventRounds "9"]
[EventCountry "FRA"]
[Source "FFE"]
[SourceDate "2010.10.29"]
[WhiteTeamCountry "FRA"]
[BlackTeamCountry "FRA"]

1. d4 f5 2. Nf3 Nf6 3. Bf4 d6 4. e3 g6 5. Bc4 e6 6. Qe2 Bg7 7. Nc3 c6 8. a4 Qe7
9. h3 O-O 10. g4 d5 11. Bd3 fxg4 12. hxg4 Nxg4 13. Ng5 Nf6 14. O-O-O Nbd7 15.
Rdg1 e5 16. dxe5 Nxe5 17. Bxe5 Qxe5 18. f4 Qe7 19. Rg3 Bf5 20. Bxf5 gxf5 21.
Nxh7 Nxh7 22. Qh5 Rf6 23. Qxh7+ Kf8 24. Rhg1 1-0

[Event "FRA T I 120102011"]
[Site "FRA"]
[Date "2010.11.14"]
[Round "3.2"]
[White "Pous, Vincent"]
[Black "Vaklinov, Vasil"]
[Result "1/2-1/2"]
[WhiteElo "2107"]
[BlackElo "2176"]
[PlyCount "48"]
[EventDate "2010.10.17"]
[EventType "team-match"]
[EventRounds "9"]
[EventCountry "FRA"]
[Source "FFE"]
[SourceDate "2010.10.29"]
[WhiteTeamCountry "FRA"]
[BlackTeamCountry "FRA"]

1. e4 c5 2. Nc3 Nc6 3. g3 g6 4. Bg2 Bg7 5. d3 d6 6. Be3 e6 7. Qd2 Nd4 8. Nd1
Ne7 9. c3 Ndc6 10. Bh6 Bxh6 11. Qxh6 Ng8 12. Qd2 Nf6 13. f4 d5 14. e5 Ng8 15.
Nf3 Nge7 16. Ne3 b6 17. O-O Bb7 18. a3 Qd7 19. b4 h5 20. d4 cxd4 21. cxd4 Kf8
22. Rfc1 Kg7 23. Bf1 Rac8 24. Rc2 Nb8 1/2-1/2

[Event "FRA T I 120102011"]
[Site "FRA"]
[Date "2010.11.13"]
[Round "2.3"]
[White "Sanchez, Nicolas"]
[Black "Planell, Eric"]
[Result "1-0"]
[WhiteElo "2176"]
[BlackElo "2206"]
[PlyCount "47"]
[EventDate "2010.10.17"]
[EventType "team-match"]
[EventRounds "9"]
[EventCountry "FRA"]
[Source "FFE"]
[SourceDate "2010.10.29"]
[WhiteTeamCountry "FRA"]
[BlackTeamCountry "FRA"]

1. d4 d5 2. Nf3 Nf6 3. c4 c6 4. Nc3 e6 5. Bg5 h6 6. Bh4 g5 7. Bg3 dxc4 8. e4 b5
9. Be2 Bb7 10. h4 g4 11. Ne5 h5 12. O-O Nbd7 13. Nxf7 Kxf7 14. f3 gxf3 15. Bxf3
Kg8 16. e5 Nd5 17. Bxh5 Rh7 18. Qg4+ Kh8 19. Nxd5 cxd5 20. Rf7 Bg7 21. Bg6 Rh6
22. h5 Bc6 23. Bf4 Nf8 24. Bc2 1-0

[Event "FRA T I 120102011"]
[Site "FRA"]
[Date "2010.11.13"]
[Round "2.7"]
[White "Carbonnel, Francoise"]
[Black "Planchon, Corinne"]
[Result "0-1"]
[WhiteElo "151"]
[BlackElo "1838"]
[PlyCount "46"]
[EventDate "2010.10.17"]
[EventType "team-match"]
[EventRounds "9"]
[EventCountry "FRA"]
[Source "FFE"]
[SourceDate "2010.10.29"]
[WhiteTeamCountry "FRA"]
[BlackTeamCountry "FRA"]

1. d4 e6 2. Nf3 f5 3. g3 Nf6 4. Bg2 d5 5. O-O Bd6 6. Nbd2 O-O 7. c4 c6 8. c5
Bc7 9. Ne5 Bxe5 10. dxe5 Nfd7 11. Nf3 Nxc5 12. Bg5 Qe8 13. Qc1 Ne4 14. Bf4 Na6
15. h4 Bd7 16. a3 c5 17. Nh2 c4 18. Rd1 Ba4 19. Rd4 Nec5 20. Rxd5 exd5 21.
Bxd5+ Kh8 22. Qxc4 Bb3 23. Qd4 Rd8 0-1

[Event "FRA T I 120102011"]
[Site "FRA"]
[Date "2010.11.13"]
[Round "2.7"]
[White "Pouplin, Johan"]
[Black "Couty, Olivier"]
[Result "0-1"]
[WhiteElo "1838"]
[BlackElo "1947"]
[PlyCount "46"]
[EventDate "2010.10.17"]
[EventType "team-match"]
[EventRounds "9"]
[EventCountry "FRA"]
[Source "FFE"]
[SourceDate "2010.10.29"]
[WhiteTeamCountry "FRA"]
[BlackTeamCountry "FRA"]

1. e4 c5 2. Nf3 a6 3. d4 cxd4 4. Nxd4 e5 5. Nf3 Nf6 6. Nc3 Bb4 7. Bg5 h6 8.
Bxf6 Bxc3+ 9. bxc3 Qxf6 10. Bc4 O-O 11. O-O d6 12. Rb1 Nd7 13. Bd5 Rb8 14. c4
Qe7 15. Qd2 Kh8 16. Rfd1 Nc5 17. Ne1 f5 18. exf5 Bxf5 19. Nd3 Ne6 20. Rb6 e4
21. Bxe6 Bxe6 22. Nf4 Bf5 23. Rxd6 Rbd8 0-1

[Event "FRA T I 120102011"]
[Site "FRA"]
[Date "2010.10.17"]
[Round "1.6"]
[White "Fortuit, Nicolas"]
[Black "Riba, Fabien"]
[Result "0-1"]
[WhiteElo "2106"]
[BlackElo "1893"]
[PlyCount "44"]
[EventDate "2010.10.17"]
[EventType "team-match"]
[EventRounds "9"]
[EventCountry "FRA"]
[Source "FFE"]
[SourceDate "2010.10.29"]
[WhiteTeamCountry "FRA"]
[BlackTeamCountry "FRA"]

1. e4 e5 2. Bc4 Bc5 3. Qg4 Qf6 4. Nc3 Bxf2+ 5. Kd1 Ne7 6. Qe2 O-O 7. Nf3 Bb6 8.
d3 h6 9. Rf1 d6 10. h3 Be6 11. g4 Bxc4 12. dxc4 c6 13. g5 hxg5 14. Bxg5 Qe6 15.
Kd2 Nd7 16. Qg2 Ng6 17. Rg1 Bxg1 18. Rxg1 Nf6 19. b3 a6 20. Be3 Nh5 21. Nh4
Nxh4 22. Qg4 Nf3+ 0-1

[Event "FRA T I 120102011"]
[Site "FRA"]
[Date "2010.10.17"]
[Round "1.4"]
[White "Leygue, Dominique"]
[Black "Palleja, Xavier"]
[Result "1-0"]
[WhiteElo "2295"]
[BlackElo "2232"]
[PlyCount "43"]
[EventDate "2010.10.17"]
[EventType "team-match"]
[EventRounds "9"]
[EventCountry "FRA"]
[Source "FFE"]
[SourceDate "2010.10.29"]
[WhiteTeamCountry "FRA"]
[BlackTeamCountry "FRA"]

1. e4 Nc6 2. Nf3 Nf6 3. Nc3 d5 4. e5 Nd7 5. d4 Nb6 6. h3 Bf5 7. g4 Be4 8. Be3
Bxf3 9. Qxf3 e6 10. a3 Be7 11. Bd3 O-O 12. g5 Bxg5 13. Qh5 h6 14. Rg1 Bxe3 15.
fxe3 f5 16. Qxh6 Qe7 17. O-O-O Nc4 18. Rg5 Rad8 19. Rdg1 Rd7 20. Rh5 Qd8 21.
Qxe6+ Rff7 22. Rxg7+ 1-0

[Event "FRA T I 120102011"]
[Site "FRA"]
[Date "2010.11.13"]
[Round "2.1"]
[White "Marin, Mihail"]
[Black "Dijoux, Frederic"]
[Result "1-0"]
[WhiteElo "2562"]
[BlackElo "2161"]
[PlyCount "43"]
[EventDate "2010.10.17"]
[EventType "team-match"]
[EventRounds "9"]
[EventCountry "FRA"]
[Source "FFE"]
[SourceDate "2010.10.29"]
[WhiteTeamCountry "FRA"]
[BlackTeamCountry "FRA"]

1. d4 e6 2. Nf3 f5 3. e3 Nf6 4. Bd3 b6 5. b3 Bb7 6. Bb2 a5 7. a3 Be7 8. c4 O-O
9. Nc3 Ne4 10. O-O d6 11. Ne2 g5 12. d5 exd5 13. Nfd4 Qd7 14. cxd5 Bxd5 15. f3
Nc5 16. Bxf5 Rxf5 17. Nxf5 Qxf5 18. e4 Nxe4 19. fxe4 Qxe4 20. Rf2 Bb7 21. Ng3
Qd5 22. Qh5 1-0

[Event "FRA T I 120102011"]
[Site "FRA"]
[Date "2010.11.13"]
[Round "2.6"]
[White "Muratet, Lucas"]
[Black "Hutin, Christophe"]
[Result "1-0"]
[WhiteElo "2067"]
[BlackElo "2103"]
[PlyCount "44"]
[EventDate "2010.10.17"]
[EventType "team-match"]
[EventRounds "9"]
[EventCountry "FRA"]
[Source "FFE"]
[SourceDate "2010.10.29"]
[WhiteTeamCountry "FRA"]
[BlackTeamCountry "FRA"]

1. e4 d5 2. exd5 Nf6 3. c4 e6 4. dxe6 Bxe6 5. Be2 Nc6 6. Nf3 Bc5 7. O-O O-O 8.
d3 Bf5 9. a3 a5 10. Nc3 Re8 11. Bg5 Nd4 12. Nxd4 Bxd4 13. Rc1 c6 14. Qd2 Qd7
15. Be3 Rad8 16. Bxd4 Qxd4 17. Rfd1 h6 18. Bf1 Bg4 19. Be2 Bf5 20. Bf1 Re7 21.
Ne2 Qb6 22. Qc3 Red7 {suite illisible} 1-0